1493 1177 1782 1213 1866 1959 1249 1399 1068 1838 1498 1899 1635 1865 1599 1603 1184 1123 1193 1317 1121 1883 1208 1780 1448 1143 1416 1851 1870 1791 1031 1561 1174 1181 1022 1427 1775 1513 1590 1259 1911 1986 1446 1378 1551 1785 1564 1798 1031 1106 1477 1197 1842 1235 1003 1470 1898 1241 1292 1659 1790 1425 1790 1091 1201 1875 1730 1931 1782 1002 1660 1700 1929 1903 1562 1063 1005 1704 1712 1615 1992 1592 1561 1292 1689 1129 1768 1908 1771 1917 1371 1683 1468 1171 1182 1093 1275 1896 1209 BCNSPRNW ULIB Ver.6.0+V

เปลี่ยนเป็นภาษาไทย

Change to English
 แสดงรายละเอียดบรรณานุกรม
  กลับหน้าหลัก

Brief Record : Get Marc (ISO 2709) : E-mail record : QR code < ปิดหน้าต่าง
LEADER : 00000nam 2200000uu 4500
001    13399112144
003     ULIB
008    110627s2552||||th 000 0 tha d
020    9786110600217
090    นว.^bจ599ร 2552
100 0  จื่อเหวิน
245 00 ระบำหงส์/^cจื่อเหวิน
250    พิมพ์ครั้งที่ 1
260    กรุงเทพฯ :^bแจ่มใส,^c2552
300    171 หน้า
710 1  แจ่มใส
945    ^p139^l0^i026748
995    ทศพร
999 ^a ใช้งานได้ทุกระบบ
รายการนี้ยังไม่มีแท็ก
คุณยังไม่ได้ล็อกอิน คุณสามารถมีกิจกรรมร่วมกับเว็บไซต์ได้ แต่ต้องล็อกอินก่อน ::
  ล็อกอิน

รายการสื่อสารสนเทศ

ลำดับที่ ประเภท เลขเรียก/บาร์โค้ด สถานที่ สถานะ
- ไม่พบข้อมูล -

BibComment


ยังไม่เคยถูกคอมเมนท์

คอมเมนท์ทรัพยากรรายการนี้
  คอมเมนท์: ระบำหงส์ จื่อเหวิน


 Copyright 2026. Bcnsprnw @Library